000 00333nam a2200145Ia 4500
005 20251222152031.0
008 251222s9999||||xx |||||||||||||| ||spa||
020 _a8422650185
082 _a813.54/K59
100 _aKlavan, Andew
245 0 _aLa Hora Animal
250 _a1ra.ed.
264 _bCĂ­rculo de Lectores
942 _cLIB
999 _c25653
_d25653